000 00988nam a2200301Ia 4500
999 _c53662
_d53662
001 20709
003 GE_BSU
005 20210306231542.0
008 181216s1999||||xx |||||||||||||| ||eng||
020 _a9780471958932
040 _cGE_BSU
041 _aeng
080 _a577.127.4 Th-44
245 4 _aThe Handbook of Natural Flavonoids :
_bVolume 2 /
_cEditors : Jeffrey B. Harborne, Herber Baxter.
260 _aChichester
260 _bJohn Wiley & Sons
260 _c1999
300 _a879 p. ;
_c29 cm.
541 _h449 Gel.
653 _aThe Handbook of Natural Flavonoids
653 _aСправочник природных флавоноидов
653 _aБиология
653 _aბიოლოგია
653 _aბუნებრივი ფლავონოიდების სახელმძღვანელო
700 _a Harborne, Jeffrey B.
_eEditor
_910369
700 _aBaxter, Herber
_eEditor
_910368
942 _cBK
_2udc